Komparácia spotrebiteľského správania seniorov v SR a vo svete diplomová práca

Gespeichert in:
Bibliographische Detailangaben
1. Verfasser: Vojtková, Lucia
Körperschaft: Obchodná fakulta EU. Katedra marketingu
Weitere Verfasser: Chebeň, Juraj
Format: Buch
Sprache:Slowakisch
Veröffentlicht: Bratislava 2014
Tags: Tag hinzufügen
Keine Tags, Fügen Sie das erste Tag hinzu!

MARC

LEADER 00000nbm a2200000 4500
001 0185936
005 20170201093943.8
041 0 |a slo 
044 |a SK 
245 1 0 |a Komparácia spotrebiteľského správania seniorov v SR a vo svete  |b diplomová práca  |c Lucia Vojtková ; školiteľ: Juraj Chebeň 
264 1 |a Bratislava  |c 2014 
300 |a 100 s. 
100 1 |a Vojtková, Lucia 
700 1 |a Chebeň, Juraj 
710 2 |a Obchodná fakulta EU. Katedra marketingu